Le plancton : (Record no. 13935)
[ view plain ]
| 000 -LEADER | |
|---|---|
| fixed length control field | 00472nam a2200169 i 4500 |
| 020 ## - INTERNATIONAL STANDARD BOOK NUMBER | |
| ISBN | 2040101373 |
| 040 ## - CATALOGING SOURCE | |
| Transcribing agency | DLC |
| 082 00 - DEWEY DECIMAL CLASSIFICATION NUMBER | |
| Classification number | 574 GAU 1978 A057 Or. |
| 100 1# - MAIN ENTRY--AUTHOR NAME | |
| Personal name | Ehrhardt, Jean Paul. |
| 245 13 - TITLE STATEMENT | |
| Title | Le plancton : |
| Remainder of title | composition, écologie, pollution / |
| 260 ## - PUBLICATION, DISTRIBUTION, ETC. (IMPRINT) | |
| Place of publication | Paris : |
| Name of publisher | Gauthier-Villars, |
| Year of publication | c1978. |
| 300 ## - PHYSICAL DESCRIPTION | |
| Number of Pages | xiv, 210 p. : |
| Other physical details | ill. ; |
| Dimensions | 24 cm. |
| 490 0# - SERIES STATEMENT | |
| Series statement | Écologie fondamentale et appliquée |
| 650 #0 - SUBJECT ADDED ENTRY--TOPICAL TERM | |
| Topical Term | Plankton. |
| 700 1# - ADDED ENTRY--PERSONAL NAME | |
| Personal name | Seguin, Gérard, |
| 942 ## - ADDED ENTRY ELEMENTS (KOHA) | |
| Koha item type | សៀវភៅភាសាបារាំង |
| 952 ## - LOCATION AND ITEM INFORMATION (KOHA) | |
| Withdrawn status [LOCAL, KOHA] | 0 |
| Permanent Location | Date acquired | Koha item type | Lost status | Shelving location | Barcode | Current Location | Full call number |
|---|---|---|---|---|---|---|---|
| Library Block A | 2017-10-03 | សៀវភៅភាសាបារាំង | A081 | A12759 | Library Block A | 574 GAU 1978 A081 Or. |